04019 2201957 4500001002100000008004100021035002000062245006400082100002100146250000600167260004000173300001200213084001400225082000800239650001400247990001200261990001200273990001200285990001200297990001200309990001200321990001200333990001200345990001200357990001200369990001200381990001200393990001200405990001200417990001200429990001200441990001200453990001200465990001200477990001200489990001200501990001200513990001200525990001200537990001200549990001200561990001200573990001200585990001200597990001200609990001200621990001200633990001200645990001200657990001200669990001200681990001200693990001200705990001200717990001200729990001200741990001200753990001200765990001200777990001200789990001200801990001200813990001200825990001200837990001200849990001200861990001200873990001200885990001200897990001200909990001200921990001200933990001200945990001200957990001200969990001200981990001200993990001201005990001201017990001201029990001201041990001201053990001201065990001201077990001201089990001201101990001201113990001201125990001201137990001201149990001201161990001201173990001201185990001201197990001201209990001201221990001201233990001201245990001201257990001201269990001201281990001201293990001201305990001201317990001201329990001201341990001201353990001201365990001201377990001201389990001201401990001201413990001201425990001201437990001201449990001201461990001201473990001201485990001201497990001201509990001201521990001201533990001201545990001201557990001201569990001201581990001201593990001201605990001201617990001201629990001201641990001201653990001201665990001201677990001201689990001201701990001201713990001201725990001201737990001201749990001201761990001201773990001201785990001201797990001201809990001201821990001201833990001201845990001201857990001201869990001201881990001201893990001201905990001201917990001201929990001201941990001201953990001201965990001201977990001201989990001202001990001202013990001202025990001202037990001202049INLIS000000000001220 ind  a0010-0524000455 aDetik-detik Asesmen Nasional AKM LiterasicBachtiar Bima M. aBima M, Bachtiar a1 aYogyakarta :bInatan Pariwarac2020 a140 hlm a373 BAC d a373 aNon Fiksi a0744401 a0744402 a0744403 a0744404 a0744405 a0744406 a0744407 a0744408 a0744409 a0744410 a0744411 a0744412 a0744413 a0744414 a0744415 a0744416 a0744417 a0744418 a0744419 a0744420 a0744421 a0744422 a0744423 a0744424 a0744425 a0744426 a0744427 a0744428 a0744429 a0744430 a0744431 a0744432 a0744433 a0744434 a0744435 a0744436 a0744437 a0744438 a0744439 a0744440 a0744441 a0744442 a0744443 a0744444 a0744445 a0744446 a0744447 a0744448 a0744449 a0744450 a0744451 a0744452 a0744453 a0744454 a0744455 a0744456 a0744457 a0744458 a0744459 a0744460 a0744461 a0744462 a0744463 a0744464 a0744465 a0744466 a0744467 a0744468 a0744469 a0744470 a0744471 a0744472 a0744473 a0744474 a0744475 a0744476 a0744477 a0744478 a0744479 a0744480 a0744481 a0744482 a0744483 a0744484 a0744485 a0744486 a0744487 a0744488 a0744489 a0744490 a0744491 a0744492 a0744493 a0744494 a0744495 a0744496 a0744497 a0744498 a0744499 a0744500 a0744501 a0744502 a0744503 a0744504 a0744505 a0744506 a0744507 a0744508 a0744509 a0744510 a0744511 a0744512 a0744513 a0744514 a0744515 a0744516 a0744517 a0744518 a0744519 a0744520 a0744521 a0744522 a0744523 a0744524 a0744525 a0744526 a0744527 a0744528 a0744529 a0744530 a0744531 a0744532 a0744533 a0744534 a0744535 a0744536 a0744537 a0744538 a0744539 a0744540 a0744541 a0744542 a0744543 a0744544 a0744545 a0744546 a0744547 a0744548 a0744549 a0744550